Sociálny rozvoj a sociálna politika

Bibliographic Details
Main Authors: Mihalik, Jozef (Author), Stanek, Vojtech, 1943- (Author), Rievajová, Eva, 1951- (Author)
Format: Book
Language:Slovak
PhysicalDescription:124 s. mapy, sch. 29 cm
Published: Bratislava Vysoká škola ekonomická 1992
ISBN:8022503355
Edition:1. vyd.
Series:Vysokoškolské skriptá
Subjects:

MARC

LEADER 00000cam a2200000 a 4500
001 vtls001067995
003 SK-MaSNL
005 20260301193428.0
008 240513s1992 xo frnp 00000 slo
015 |a SNBA1992/10 
020 |a 8022503355  |q (brož.) 
035 |a SNK000010825 
040 |a SNK  |b slo  |c SNK  |e AACR2 
041 0 |a slo 
044 |a xo  |c SK 
072 7 |a 316.7  |x Sociológia kultúry. Kultúrny život  |2 konspekt 
072 7 |a 37.016  |x Učebné osnovy. Vyučovacie predmety. Učebnice  |2 konspekt 
072 7 |a 36  |x Zaistenie duševných a materiálnych potrieb  |2 konspekt 
080 |a 36(437)(075.8)  |2 1981 
080 |a 316.42  |2 2011 
080 |a 36  |2 2011 
080 |a (075.8)  |2 2011 
100 1 |a Mihalik, Jozef  |4 aut  |9 276778 
245 1 0 |a Sociálny rozvoj a sociálna politika  |c Jozef Mihalik, Vojtech Stanek, Eva Rievajová 
250 |a 1. vyd. 
260 |a Bratislava  |b Vysoká škola ekonomická  |c 1992 
300 |a 124 s.  |b mapy, sch.  |c 29 cm 
366 |e 200 výtl. 
490 1 |a Vysokoškolské skriptá 
500 |a Vydala Vysoká škola ekonomická, Národohospodárska fakulta 
504 |a Obsahuje bibliografiu 
650 0 7 |a sociálny rozvoj  |2 SNKPH  |9 67413 
650 0 7 |a sociálna politika  |2 SNKPH  |9 2333 
655 7 |a učebnice vysokých škôl  |2 SNKPH  |9 70191 
700 1 |a Stanek, Vojtech,  |d 1943-  |4 aut  |9 92712 
700 1 |a Rievajová, Eva,  |d 1951-  |4 aut  |9 216101 
710 2 |a Vysoká škola ekonomická v Bratislave.  |b Národohospodárska fakulta  |4 pbl  |9 124373 
810 2 |a Vysoká škola ekonomická v Bratislave.  |b Národohospodárska fakulta  |t Vysokoškolské skriptá  |9 166968 
852 |a Slovenská národná knižnica 
919 |a 80-225-0335-5 
954 |a odborná, vedecká literatúra pôvodná (slovenská)  |2 lita 
958 |a RK 
958 |a TL 
958 |a NB 
958 |a OND 
958 |a UV 
999 |c 877232  |d 879162 
952 |t P60, <04>, [BOOK], {604}  |a SNK  |b SNK  |y VYP  |7 0  |p 17A0019320  |o snkSB 49491 D1  |0 0  |1 0  |4 0  |d 1996-11-08  |l 0  |r 2004-12-31 00:00:00  |w 2026-02-24 
952 |a SNK  |b SNK  |y PREZ  |7 0  |p 17A0804184  |o snkSB 49491  |0 0  |1 0  |4 0  |d 2012-07-12  |l 0  |r 2025-02-28 00:00:00  |w 2026-02-24